| 000 | 00336nam a22001457a 4500 | ||
|---|---|---|---|
| 020 | _qPB. | ||
| 040 | _cFIZZA ISHAQ | ||
| 082 |
_a620.106 _bSCG |
||
| 100 |
_aGUPTA, S.C. _990176 |
||
| 245 |
_aFLUID MECHANICS AND HYDRAULIC / _cS.C. GUPTA. |
||
| 250 | _a1st ED. | ||
| 260 |
_bPEARSON, _c2006. |
||
| 300 | _a582 P. ; | ||
| 942 |
_2ddc _cBK |
||
| 999 |
_c588539 _d588539 |
||